[Event "MNT-chT1"]
[Site "Podgorica"]
[Date "2008.10.05"]
[Round "4"]
[White "Djekovic, Zoran"]
[Black "Draskovic, Luka"]
[Result "0-1"]
[WhiteElo "2042"]
[BlackElo "1988"]
[PlyCount "50"]
[EventDate "2008.09.07"]
[EventType "team-tourn"]
[EventRounds "9"]
[EventCountry "MNE"]
[SourceTitle "EXT 2010"]
[Source "ChessBase"]
[SourceDate "2010.11.25"]
[SourceVersion "1"]
[SourceVersionDate "2010.11.25"]
[SourceQuality "1"]

1. e4 c5 2. g3 Nc6 3. Bg2 g6 4. c3 Bg7 5. Nh3 d6 6. 0-0 e5 7. f4 Nge7 8. fxe5 dxe5 9. Ng5 0-0 10. Qb3 Na5 11. Qc2 h6 12. Nf3 b6 13. a3 Ba6 14. Re1 Bd3 15. Qd1 c4 16. Bf1 Bxf1 17. Kxf1 Nb3 18. d4 Nxa1 19. Nbd2 exd4 20. cxd4 Nb3 21. Nxb3 cxb3 22. Be3 f5 23. Kg2 fxe4 24. Nh4 g5 25. Qxb3+ Qd5 0-1

[Event "Belgrade Trophy 20th"]
[Site "Belgrade"]
[Date "2007.11.22"]
[Round "1"]
[White "Nestorovic, Dejan"]
[Black "Djekovic, Zoran"]
[Result "1/2-1/2"]
[WhiteElo "2403"]
[BlackElo "2042"]
[PlyCount "84"]
[EventDate "2007.11.22"]
[EventType "swiss"]
[EventRounds "9"]
[EventCountry "YUG"]
[SourceTitle "CBM 121 Extra"]
[Source "ChessBase"]
[SourceDate "2008.01.10"]
[SourceVersion "1"]
[SourceVersionDate "2008.01.10"]
[SourceQuality "1"]

1. d4 Nf6 2. c4 e5 3. dxe5 Ng4 4. Nh3 Nxe5 5. e3 d6 6. Nf4 g5 7. Nh5 Bg4 8. Be2 Bxh5 9. Bxh5 Nbd7 10. 0-0 Bg7 11. f4 Ng6 12. Nc3 0-0 13. Ne4 gxf4 14. exf4 Nf6 15. Ng3 Qd7 16. Qd3 Rae8 17. Bf3 c6 18. Nf5 d5 19. Nxg7 Kxg7 20. Be3 dxc4 21. Qc3 Qd3 22. Bxa7 Qxc3 23. bxc3 Nd5 24. Rab1 Ngxf4 25. Rxb7 Ne6 26. Bxd5 cxd5 27. a4 Kg6 28. a5 f6 29. a6 Ra8 30. Ra1 Nd8 31. Rc7 Rf7 32. Rxf7 Kxf7 33. Bb6 Nc6 34. a7 Ke6 35. Bc5 d4 36. cxd4 Kd5 37. Kf2 Nxd4 38. Bxd4 Kxd4 39. Ke2 Kc3 40. Ra6 Kb2 41. Rc6 c3 42. Rc7 h5 1/2-1/2

[Event "Belgrade Trophy 19th"]
[Site "Belgrade"]
[Date "2006.11.24"]
[Round "3"]
[White "Djekovic, Zoran"]
[Black "Mihic, Bojan"]
[Result "0-1"]
[WhiteElo "2023"]
[BlackElo "2346"]
[PlyCount "55"]
[EventDate "2006.11.22"]
[EventType "swiss"]
[EventRounds "9"]
[EventCountry "YUG"]
[SourceTitle "CBM 115 Extra"]
[Source "ChessBase"]
[SourceDate "2007.01.10"]
[SourceVersion "1"]
[SourceVersionDate "2007.01.10"]
[SourceQuality "1"]

1. d4 e6 2. c4 Nf6 3. Nf3 d5 4. Nc3 c6 5. e3 Nbd7 6. Bd3 dxc4 7. Bxc4 b5 8. Bd3 Bb7 9. 0-0 a6 10. e4 c5 11. e5 Nd5 12. Ng5 N7b6 13. Nxh7 cxd4 14. Nxb5 axb5 15. Bxb5+ Nd7 16. Qh5 g6 17. Bxd7+ Kxd7 18. Nxf8+ Qxf8 19. Qg4 Rh5 20. Qxd4 Qb4 21. Be3 Qxd4 22. Bxd4 Nf4 23. Rfd1 Ne2+ 24. Kf1 Nxd4 25. Rxd4+ Bd5 26. f4 Rxh2 27. Rad1 Rxa2 28. R1d2 0-1